| 000 | 00369nam a2200145 a 4500 | ||
|---|---|---|---|
| 005 | 20140412111329.0 | ||
| 008 | 110117s19uu xx 00 eng d | ||
| 020 | _a0-02-178991-6 | ||
| 050 |
_aBB _bFr87 1991 |
||
| 100 | _aGretz, Susanna | ||
| 245 |
_aFrog in the middle / _cSusanna Gretz. |
||
| 260 |
_aU.S.A : _bMacmillan, _c1991. |
||
| 300 | _a29p. | ||
| 999 |
_c104807 _d104807 |
||